ბათუმის შოთა რუსთაველის სახელმწიფო უნივერსიტეტის ბიბლიოთეკა

ქართული ჟესტური ენის ლექსიკონი / (ბიბ.ჩანაწერი № 60480)

000 -ლიდერი
ფიქსირებული სიგრძის საკონტროლო ველი 01232nam a22002177a 4500
003 - საკონტროლო ნომრის იდენტიფიკატორი
საკონტროლო ველი Ge_BSU
005 - ბოლო ოპერაციის თარიღი და დრო
საკონტროლო ველი 20230731110052.0
008 - ფიქსირებული სიგრძის მონაცემთა ელემენტები - ზოგადი ინფორმაცია
ფიქსირებული სიგრძის საკონტროლო ველი 230731s2015ge xxu||||| |||| 00| 0 geo d
020 ## - წიგნის საერთაშორისო სტანდარტული ნომერი
International Standard Book Number 9789941182235
041 ## - ენის კოდი
Language code of text/sound track or separate title geo
080 ## - უნივერსალური ათობითი კლასიფიკაციის ინდექსი
Universal Decimal Classification number 81'374(038)=353.1'221.24 მ-44
100 ## - მთავარი ჩანაწერი - პიროვნების სახელი
Personal name მახარობლიძე, თამარ, ავტორი.
9 (RLIN) 19561
245 ## - ცნობა სათაურის შესახებ
Title ქართული ჟესტური ენის ლექსიკონი /
Statement of responsibility, etc თამარ მახარობლიძე ; მხატვ. ნ. ზაპრუდნაია.
264 ## - წარმოების, გამოცემის, დისტრიბუციის და სხვა ცნობები
გამოცემის, წარმოების, დისტრიბუციის... ადგილი თბილისი :
გამოცემის, წარმოების, დისტრიბუციის... სახელწოდება ილიას სახელმწ. უნ-ტის გამ-ბა,
გამოცემის, წარმოების, დისტრიბუციის... თარიღი 2015.
300 ## - ფიზიკური აღწერა
Extent 1370 გვ. :
Other physical details ნახ. ;
Dimensions 30 სმ.
500 ## - ზოგადი შენიშვნა
General note დაფინანსებულია შოთა რუსთაველის ეროვნული სამეცნიერო ფონდის მიერ.
653 ## - INDEX TERM--UNCONTROLLED
Uncontrolled term ქართული ლექსიკონები
700 ## - ADDED ENTRY--PERSONAL NAME
Personal name ზაპრუდნაია, ნ.
Relator term მხატვარი
9 (RLIN) 19564
856 ## - ELECTRONIC LOCATION AND ACCESS
Uniform Resource Identifier http://eprints.iliauni.edu.ge/3057/1/I-L.pdf
Link text ელექტრონული ვერსია
942 ## - ADDED ENTRY ELEMENTS (KOHA)
Source of classification or shelving scheme
Koha item type წიგნი
ეგზემპლარები
ჩამოწერის სტატუსი დაკარგული ეგზემპლარის სტატუსი კლასიფიკაციის წყარო ან თაროზე გაწყობის სქემა დაზიანების სტატუსი არ გაიცემა მუდმივი მდებარეობა (დაცვის ადგილი) ამჟამინდელი ადგილსამყოფელი თაროზე განთავსების ადგილი შეძენის თარიღი ღირებულება, შესყიდვის ნორმალური ფასი სრული შენახვის შიფრი შტრიხკოდი ბოლო ოპერაციის თარიღი ეგზემპლარის მიმდევრობითი ნომერი (კეტერი?) ფასის ძალაში შესვლის თარიღი ეგზემპლარის სახეობა საჯარო შენიშვნა
          ბათუმის შოთა რუსთაველის სახელმწიფო უნივერსიტეტის მთავარი ბიბლიოთეკა ბათუმის შოთა რუსთაველის სახელმწიფო უნივერსიტეტის მთავარი ბიბლიოთეკა წიგნსაცავი 2023-07-31 30.00 81'374(038)=353.1'221.24 მ-44 65065 2023-07-31 65065 2023-07-31 წიგნი 30.00